<?xml version="1.0" encoding="UTF-8"?>
<record
    xmlns:xsi="http://www.w3.org/2001/XMLSchema-instance"
    xsi:schemaLocation="http://www.loc.gov/MARC21/slim http://www.loc.gov/standards/marcxml/schema/MARC21slim.xsd"
    xmlns="http://www.loc.gov/MARC21/slim">

  <leader>00403nam a2200145Ia 4500</leader>
  <controlfield tag="008">230411s9999    xx            000 0 und d</controlfield>
  <datafield tag="020" ind1=" " ind2=" ">
    <subfield code="a">0 340 75924</subfield>
  </datafield>
  <datafield tag="041" ind1=" " ind2=" ">
    <subfield code="a">eng</subfield>
  </datafield>
  <datafield tag="082" ind1=" " ind2=" ">
    <subfield code="a">S/610.73677/RUS/WIL/B00529</subfield>
  </datafield>
  <datafield tag="100" ind1=" " ind2=" ">
    <subfield code="a">Russell C G &amp; Williams N S</subfield>
    <subfield code="9">176631</subfield>
  </datafield>
  <datafield tag="245" ind1=" " ind2=" ">
    <subfield code="a">Bailey and Loves Short Practice of Surgery</subfield>
  </datafield>
  <datafield tag="260" ind1=" " ind2=" ">
    <subfield code="b">Arnold</subfield>
    <subfield code="a">London</subfield>
    <subfield code="c">2000</subfield>
  </datafield>
  <datafield tag="300" ind1=" " ind2=" ">
    <subfield code="a">1348p</subfield>
  </datafield>
  <datafield tag="999" ind1=" " ind2=" ">
    <subfield code="c">151996</subfield>
    <subfield code="d">151996</subfield>
  </datafield>
  <datafield tag="952" ind1=" " ind2=" ">
    <subfield code="0">0</subfield>
    <subfield code="1">0</subfield>
    <subfield code="4">0</subfield>
    <subfield code="7">0</subfield>
    <subfield code="8">S</subfield>
    <subfield code="a">BTIN</subfield>
    <subfield code="b">BTIN</subfield>
    <subfield code="d">2002-02-14</subfield>
    <subfield code="e">B.J.Medical Co-oprative College Stores</subfield>
    <subfield code="g">2120.00</subfield>
    <subfield code="i">5516</subfield>
    <subfield code="l">0</subfield>
    <subfield code="o">S 610.73677 RUS WIL B00529</subfield>
    <subfield code="p">BTIN-BK-529</subfield>
    <subfield code="r">2023-04-11 00:00:00</subfield>
    <subfield code="v">2120.00</subfield>
    <subfield code="w">2002-02-14</subfield>
    <subfield code="y">BK</subfield>
    <subfield code="z">B00529</subfield>
  </datafield>
  <datafield tag="952" ind1=" " ind2=" ">
    <subfield code="0">0</subfield>
    <subfield code="1">0</subfield>
    <subfield code="4">0</subfield>
    <subfield code="7">0</subfield>
    <subfield code="8">S</subfield>
    <subfield code="a">BTIN</subfield>
    <subfield code="b">BTIN</subfield>
    <subfield code="d">2002-02-13</subfield>
    <subfield code="e">A.D.Kansara Pune.</subfield>
    <subfield code="g">2119.00</subfield>
    <subfield code="i">5516</subfield>
    <subfield code="l">0</subfield>
    <subfield code="o">S 610.73677 RUS WIL B00575</subfield>
    <subfield code="p">BTIN-BK-575</subfield>
    <subfield code="r">2023-04-11 00:00:00</subfield>
    <subfield code="v">2119.00</subfield>
    <subfield code="w">2002-02-14</subfield>
    <subfield code="y">BK</subfield>
    <subfield code="z">B00575</subfield>
  </datafield>
  <datafield tag="952" ind1=" " ind2=" ">
    <subfield code="0">0</subfield>
    <subfield code="1">0</subfield>
    <subfield code="4">0</subfield>
    <subfield code="7">0</subfield>
    <subfield code="8">S</subfield>
    <subfield code="a">BTIN</subfield>
    <subfield code="b">BTIN</subfield>
    <subfield code="d">2003-03-20</subfield>
    <subfield code="e">B.J.Medical Co-oprative College Stores</subfield>
    <subfield code="g">1280.00</subfield>
    <subfield code="i">5516</subfield>
    <subfield code="l">0</subfield>
    <subfield code="o">S 610.73677 RUS WIL B01047</subfield>
    <subfield code="p">BTIN-BK-1047</subfield>
    <subfield code="r">2023-04-11 00:00:00</subfield>
    <subfield code="v">1280.00</subfield>
    <subfield code="w">2002-02-14</subfield>
    <subfield code="y">BK</subfield>
    <subfield code="z">B01047</subfield>
  </datafield>
  <datafield tag="952" ind1=" " ind2=" ">
    <subfield code="0">0</subfield>
    <subfield code="1">0</subfield>
    <subfield code="4">0</subfield>
    <subfield code="7">0</subfield>
    <subfield code="8">S</subfield>
    <subfield code="a">BTIN</subfield>
    <subfield code="b">BTIN</subfield>
    <subfield code="d">2007-12-19</subfield>
    <subfield code="e">M.K.S.S.S I.N.E.Ratnagiri.</subfield>
    <subfield code="g">1421.00</subfield>
    <subfield code="i">5516</subfield>
    <subfield code="l">0</subfield>
    <subfield code="o">S 610.73677 RUS WIL B04709</subfield>
    <subfield code="p">BTIN-BK-4709</subfield>
    <subfield code="r">2023-04-11 00:00:00</subfield>
    <subfield code="v">1421.00</subfield>
    <subfield code="w">2002-02-14</subfield>
    <subfield code="y">BK</subfield>
    <subfield code="z">B04709</subfield>
  </datafield>
</record>
